21 puntos para una nueva estrategia de la educación
Αποθηκεύτηκε σε:
| Συγγραφή απο Οργανισμό/Αρχή: | |
|---|---|
| Μορφή: | Βιβλίο |
| Γλώσσα: | Ισπανικά |
| Έκδοση: |
Buenos Aires
Magisterio del Río de La Plata
1995
|
| Σειρά: | Colección Magisterio 1
|
| Θέματα: | |
| Ετικέτες: |
Προσθήκη ετικέτας
Δεν υπάρχουν, Καταχωρήστε ετικέτα πρώτοι!
|
MARC
| LEADER | 00000nam a2200000 a 4500 | ||
|---|---|---|---|
| 001 | UCL8289 | ||
| 003 | CL-VaPUC | ||
| 008 | 040618e19950000AG |||||||||||||||||spa|d | ||
| 020 | |a 9505501641 | ||
| 082 | 0 | 4 | |a 379.2 |b UNE |2 21 |
| 110 | 2 | |a UNESCO |e author |9 486202 | |
| 245 | 1 | 0 | |a 21 puntos para una nueva estrategia de la educación |
| 300 | |a 47 p | ||
| 942 | |c BK | ||
| 945 | |d 20040618 00:00:00 |a cmena | ||
| 260 | |a Buenos Aires |b Magisterio del Río de La Plata |c 1995 | ||
| 650 | 0 | |a Reforma educacional |9 256319 | |
| 650 | 0 | |a Estado y educación |9 311264 | |
| 650 | 7 | |a EDUCACION COMPARADA |2 CL-VaPUC |9 307694 | |
| 650 | 0 | |a Planificación del currículo |9 269599 | |
| 650 | 0 | |a Alfabetización |9 310435 | |
| 650 | 0 | |a Métodos de enseñanza |9 270413 | |
| 583 | |a last modification |c 20040618 00:00:00 |k Rodrigo Vera | ||
| 490 | 0 | |a Colección Magisterio 1 | |
| 999 | |c 309640 |d 309638 | ||
| 952 | |0 0 |1 0 |4 0 |6 379_200000000000000_UNE_1995 |7 0 |8 A |9 377269 |a BIBEDU |b BIBEDU |d 2019-11-21 |i 3988805 |o 379.2 UNE 1995 |p 3988805 |r 2019-11-21 |w 2019-11-21 |y BK |k EBA | ||
| 952 | |0 0 |1 0 |4 0 |6 379_200000000000000_UNE_1995 |7 0 |8 A |9 377270 |a BIBEDU |b BIBEDU |d 2019-11-21 |i 4150430 |o 379.2 UNE 1995 |p 4150430 |r 2019-11-21 |w 2019-11-21 |y BK |k EBA | ||